Agents | Tom Clancy's Rainbow Six Siège - Statistiques

Statistiques générales
  • Ce quiz a été pris 1 008 fois
    810 depuis la dernière actualisation
  • Le résultat moyen est 47 sur 69
Statistiques - réponses
Assaillant % Correct
Ash
86%
Doc
86%
Montagne
86%
Capitao
85%
Caveira
84%
Sledge
84%
Blitz
83%
Hibana
82%
Mute
82%
Rook
82%
Thermite
82%
Twitch
82%
Bandit
81%
Kapkan
81%
Buck
80%
Smoke
80%
Vigil
80%
Echo
79%
Frost
79%
Fuze
79%
Castle
77%
Jager
76%
Glaz
75%
Pulse
75%
IQ
73%
Jackal
73%
Lion
73%
Mira
73%
Thatcher
73%
Kaid
72%
Dokkaebi
71%
Valkyrie
71%
Blackbeard
69%
Lesion
69%
Finka
68%
Mozzie
68%
Nomad
68%
Ace
67%
Gridlock
67%
Ying
67%
Alibi
66%
Ela
65%
Maestro
63%
Nokk
63%
Clash
61%
Kali
61%
Zofia
61%
Wamai
60%
Osa
59%
Tatchanka
59%
Iana
58%
Amaru
57%
Goyo
56%
Melusi
56%
Fenrir
55%
Azami
54%
Maverick
54%
Aruni
53%
Sens
53%
Warden
52%
Oryx
51%
Brava
50%
Flores
49%
Thorn
48%
Grim
47%
Ram
47%
Zero
46%
Solis
43%
Thunderbird
42%
Aucun quiz correspondant
Distribution des résultats
% des personnes avec chaque résultat
Percentile par nombre de réponses
Votre historique - résultats
Vous n’avez pas pris ce quiz depuis la dernière actualisation